Capoluoghi di Provincia contenenti la lettera F - Statistics

Statistiche generali
  • Questo quiz è stato fatto 75 volte
    66 dall'ultimo reset
  • Il punteggio medio è 5 su 6
Statistiche sulle risposte
Lunghezza in lettere Capoluogo % Corretto
7 Firenze
98%
6 Foggia
88%
9 Frosinone
88%
5 Forlì
85%
7 Ferrara
76%
5 Fermo
71%
Nessun quiz corrispondente trovato
Distribuzione punteggi
Percentuale di utenti per punteggio
Percentile per numero di risposta
I tuoi punteggi nel tempo
Non hai fatto questo quiz dall'ultimo reset